| 000 | 00484cam a2200193ua 4500 | ||
|---|---|---|---|
| 020 | _cRs 87.00 | ||
| 041 |
_aeng _h |
||
| 082 |
_a633.081 _bAGR/PR |
||
| 100 | _aKipps, M S. | ||
| 245 |
_aProduction of field crops / _cM S Kipps. _hTextual Documents |
||
| 250 |
_a / _b. |
||
| 260 |
_aNew Delhi : _bTata Mc-Graw Hill Publishing Company , _c1983. |
||
| 300 | _a289 ; . | ||
| 365 | _aRs 87.00 | ||
| 504 | _a | ||
| 942 | _cBK | ||
| 999 |
_c348 _d348 |
||